00500nam a2200133Ia 4500008004100000020001800041100002300059245007500082260002300157440004900180650008200229650001400311856004100325171212s9999 xx 000 0 und d a9781783083046 aCharles Goodhart,  cCharles Goodhart, aCentral Banking at a CrossroadsbEurope and Beyond bAnthem Pressc2014 aAnthem Frontiers of Global Political Economy aBanks and banking, Central; Banks and banking, Central -- Law and legislation aEconomics uhttp://jstor.org/stable/j.ctt1gxpd6m